00241nam a22001097a 4500008004100000020001800041041000800059080000800067100000700075101000800082245004100090180926b xxu||||| |||| 00| 0 eng d a9780070421875 aeng a101 a24 aFIL aQuestions that MattercMiller, Ed. L